Reconnaissance botanique forestière #1 - Statistiques

Statistiques générales
  • Ce quiz a été pris 131 fois
  • Le résultat moyen est 6 sur 16
Statistiques - réponses
Par images Hint Réponse % Correct
 Ecorce verdâtre sur les jeunes troncs puis devient brune et se fendille dans la longueur châtaignier
76%
 Bourgeons pointus à plat charme
73%
 Ecorce moyennement crevassée chêne sessile
72%
 Ecorce profondément crevassée chêne pédonculé
65%
 Présence de petits losanges orangés à l’intérieur (sur le tronc) chêne rouge
48%
 Ecorce saumonée dans la partie supérieure du fût Pin sylvestre
48%
 Forte odeur de citronnelle Douglas
41%
 Gros bourgeons violets et collants Aulne glutineux
34%
 Rameaux verruqueux Alisier torminal
27%
 Ecorce lisse et blanche puis très crevassée et noirâtre au pied Bouleau verruqueux
27%
 Ecorce lisse et blanchâtre Bouleau pubescent
26%
 Ecorce grisâtre à noirâtre Pin noir d'Autriche
23%
 Rameaux pendants Melèze d'Europe
21%
 Bourgeons bruns à violets non collants Aulne blanc
15%
 Gros bourgeons verdâtres coniques et poilus Alisier blanc
13%
 Bourgeons verts et collants cormier
13%
Aucun quiz correspondant
Distribution des résultats
% des personnes avec chaque résultat
Percentile par nombre de réponses
Votre historique - résultats
Vous n’avez pas pris ce quiz